zpět

Detail výsledku týmu

The PUB Praha 6 , Praha

Datum a čas kvízu

27 Celkem bodů Celkový počet nahraných bodů na tomto kvízu bez doplňovacích otázek.
3. Pořadí na kvízu Konečné umístění týmu na tomto kvízu.

Zaznamenané odpovědi

# Otázka Odpověď Body Výsledky
1. V pražské zoo se samici jménem... B) vombat 0
2. V jihoitalské Apulii se konal... papeže 1
3. Na platformě Voyo byl minulý t... Mozaika 0
4. Zavedená česká společnost ozná... Seznam 1
5. Zastupitelé nejmenovaného měst... Havířov, David Pastrňák 1
6. Téma začneme u Arnolda Schwarz... Olympia, Universe 0.5
7. George Weah byl v letech 2018... AC Milán 0
8. Mezi poslanci Parlamentu ČR se... Pavel Ploc, Jakub Janda 0
9. Také hokejisty to táhne po kon... mistrovství světa, olympijské hry, Stanley Cup 0.5
10. Pavel Bém je bývalým pražským... lékař (psychiatr) 0